Ploštín Punk feat. Carneval

Bibliographic Details
Corporate Author: Ploštín Punk (hudobná skupina) (uci)
Format: Book
Language:Slovak
Published: Bratislava Musica 1995
Subjects:

MARC

LEADER 00000nam a2200000 a 4500
001 vtls001255871
003 SK-MaSNL
005 20260413122244.0
008 250414s1995 xo 0 slo
035 |a SNK000206703 
040 |a SNK  |b slo  |c SNK  |e AACR2 
041 0 |a slo 
044 |a xo  |c SK 
080 |a 784.66:785.1(086.7)  |2 1981 
080 |a 785.1  |2 1981 
245 0 0 |a Ploštín Punk feat. Carneval  |h Videozáznam ; Dizajn Juraj Maxon ; Účinkuje skupina Ploštín Punk 
260 |a Bratislava  |b Musica  |c 1995 
300 |a 1 kompaktná platňa (15 min. 11 sek.)  |b stereo 
500 |a Ploštín Punk 
655 7 |a videokazety  |2 SNK  |9 70726 
700 1 |a Maxon, Juraj,  |d 1963-  |4 bkd  |9 197574 
710 0 |a Ploštín Punk (hudobná skupina)  |4 uci  |9 81503 
852 |a Slovenská národná knižnica 
954 |a populárna hudba 
999 |c 970021  |d 971951 
952 |t P60, <03>, [BOOK], {603}  |a SNK  |b SNK  |y PREZ  |7 0  |p 17A0113195  |o snkSCD 378  |i snkJK 346/95  |0 0  |1 0  |4 0  |d 1998-02-24  |l 0  |r 2005-01-01 00:00:00  |w 2026-02-24